书目信息 |
| 题名: |
毛泽东文艺生涯
|
|
| 作者: | 陈晋 著 | |
| 分册: | 上 | |
| 出版信息: | 北京 人民文学出版社 2014.01 |
|
| 页数: | 315页 | |
| 开本: | 25cm | |
| 丛书名: | ||
| 单 册: | ||
| 中图分类: | A841.691 | |
| 科图分类: | ||
| 主题词: | 毛泽东文艺思想--研究 , 毛泽东文艺思想 | |
| 电子资源: | ||
| ISBN: | 978-7-02-010124-5 | |
| 000 | 00896nam0 2200253 450 | |
| 001 | 0120141217416 | |
| 005 | 20170920084144.75 | |
| 010 | @a978-7-02-010124-5@dCNY41.50,CNY83.00(全2册) | |
| 100 | @a20140123d2014 em y0chiy0110 ea | |
| 101 | 0 | @achi |
| 102 | @aCN@b110000 | |
| 105 | @aaf z 000yy | |
| 106 | @ar | |
| 200 | 1 | @a毛泽东文艺生涯@9mao ze dong wen yi sheng ya@e1893-1976@h上@f陈晋著 |
| 210 | @a北京@c人民文学出版社@d2014.01 | |
| 215 | @a315页@c图,照片@d25cm | |
| 330 | @a本书记述了毛泽东与中国文学的不解之缘,系我国第一部文人毛泽东的传记,特别介绍了中国传统文化对毛泽东政治生涯及文学创作历程的浸润,更讲述了毛泽东个人对中国现当代文学、文化走向的影响。 | |
| 333 | @a大众读者 | |
| 606 | 0 | @a毛泽东文艺思想@x研究 |
| 606 | 0 | @a毛泽东文艺思想 |
| 690 | @aA841.691@v5 | |
| 701 | 0 | @a陈晋@9chen jin@4著 |
| 801 | 0 | @aCN@b人天书店@c20140123 |
| 905 | @b1075734-39@dA841.691@e166:1@f6 | |
| 毛泽东文艺生涯:1893-1976.上/陈晋著.-北京:人民文学出版社,2014.01 |
| 315页:图,照片;25cm |
| 使用对象:大众读者 |
| ISBN 978-7-02-010124-5:CNY41.50,CNY83.00(全2册) |
| 本书记述了毛泽东与中国文学的不解之缘,系我国第一部文人毛泽东的传记,特别介绍了中国传统文化对毛泽东政治生涯及文学创作历程的浸润,更讲述了毛泽东个人对中国现当代文学、文化走向的影响。 |
| ● |
| 相关链接 |
|
|
|
|
正题名:毛泽东文艺生涯
索取号:A841.691/166:1
 
预约/预借
| 序号 | 登录号 | 条形码 | 馆藏地/架位号 | 状态 | 备注 |
| 1 | 1075734 | 210757340 | 第一样本阅览室/ [索取号:A841.691/166:1] | 在馆 | |
| 2 | 1075735 | 210757359 | 第一借阅区/ [索取号:A841.691/166:1] | 在馆 | |
| 3 | 1075736 | 210757368 | 第一借阅区/ [索取号:A841.691/166:1] | 在馆 | |
| 4 | 1075737 | 210757377 | 第一借阅区/ [索取号:A841.691/166:1] | 在馆 | |
| 5 | 1075738 | 210757386 | 密集书库-马院/ [索取号:A841.691/166:1] | 在馆 | |
| 6 | 1075739 | 210757395 | 第一借阅区/ [索取号:A841.691/166:1] | 在馆 |